| 000 | 00547nam a22001817a 4500 | ||
|---|---|---|---|
| 005 | 20251108165810.0 | ||
| 008 | 250721s1987 xx 000 0 ara d | ||
| 082 | 1 | 4 | _aط/535.6/يوس |
| 100 | 1 | _aيوسف، عبد التواب | |
| 245 | 1 | 0 | _aاللون الأبيض / |
| 264 | 1 |
_aالقاهرة : _bمؤسسة الخليج العربي، _c1987. |
|
| 300 | _a15ص | ||
| 490 | 0 | _aسلسلة الألوان | |
| 650 | 1 | 7 | _aالألوان |
| 653 | _aاطفال مرحلة متوسطة (6-9) سنوات | ||
| 942 |
_2ddc _cBK |
||
| 999 |
_c31600 _d31600 |
||